Normal view
MARC view
- العلامات التجارية - قوانين وتشريعات - الاردن - علامات تجارية - قوانين وانظمة - الاردن - علامات تجارية - قانون دولي - قانون تجاري - الاردن
Entry Topical Term
001 - CONTROL NUMBER
- control field: 50612
003 - CONTROL NUMBER IDENTIFIER
- control field: JO-AjAnu
005 - DATE AND TIME OF LATEST TRANSACTION
- control field: 20230606082330.0
008 - FIXED-LENGTH DATA ELEMENTS
- fixed length control field: 230606|| aca||aabn | a|a d
040 ## - CATALOGING SOURCE
- Original cataloging agency: JO-AjAnu
- Transcribing agency: JO-AjAnu
150 ## - HEADING--TOPICAL TERM
- Topical term or geographic name entry element: العلامات التجارية - قوانين وتشريعات - الاردن - علامات تجارية - قوانين وانظمة - الاردن - علامات تجارية - قانون دولي - قانون تجاري - الاردن
670 ## - SOURCE DATA FOUND
- Source citation: Work cat.: (JO-AjAnu)25873: تاليف أبو عواد، مسلم عبد الرحمن, author 50611, الحماية المدنية للعلامات التجارية غيرالمسجلة وفق أحكام القانون الأردني والإتفاقيات الدولية: " دراسة مقارنة "